|
|
|
|
| LEADER |
02436njm a2200493 a 4500 |
| 001 |
001120243 |
| 003 |
CZ BrMZK |
| 005 |
20101025103334.0 |
| 007 |
sd fsngnnmmned |
| 008 |
101007s2005 xr mcn g cze d |
| 015 |
|
|
|a cnb001857231
|
| 040 |
|
|
|a BOA001
|b cze
|
| 040 |
|
|
|a ABA001
|b cze
|
| 043 |
|
|
|a e-xr---
|
| 045 |
|
|
|a y0y0
|
| 072 |
|
7 |
|a 782
|x Divadelní hudba. Opera, opereta, muzikál
|2 Konspekt
|9 9
|
| 080 |
|
|
|a 782.8
|2 MRF
|
| 080 |
|
|
|a (437.3)
|2 MRF
|
| 080 |
|
|
|a (086.76)
|2 MRF
|
| 100 |
1 |
|
|a Štědroň, Miloš,
|d 1942-
|7 jk01131153
|4 cmp
|
| 240 |
1 |
0 |
|a Nana
|
| 245 |
1 |
0 |
|a Nana
|h [zvukový záznam] /
|c M. Uhde ; M. Štědroň
|
| 260 |
|
|
|a Brno :
|b Městské divadlo Brno,
|c [2005]
|
| 300 |
|
|
|a 1 zvuková deska :
|b digital ;
|c 12 cm
|
| 500 |
|
|
|a Muzikál na motivy románu Emila Zoly
|
| 500 |
|
|
|a Kompaktní deska
|
| 505 |
0 |
0 |
|t Mám prý jít s tebou --
|t Není to moje vina --
|t Královno našich snů --
|t Můj první pasák --
|t Vím, k smíchu je můj cíl --
|t Budeš-li hodný a něžný --
|t Prachový peřiny --
|t Promenáda --
|t Svět je starý osm dní a hřeší --
|t Já vůbec nejsem dáma --
|t Jsme mouchy celé ze zlata --
|t Jsi moc krásná, kamarádko má --
|t Můj brácha --
|t Ulice je můj bejvák --
|t Má drahá, volals? --
|t Kázání --
|t Sto tisíc kopretin --
|t Neplač pro mne, Marianno --
|t Barový piano --
|t Snil jsem, má lásko --
|t Pane, promluv --
|t Bonus I: sóla a sbor --
|t Bonus II: svět je starý osm dní
|
| 508 |
|
|
|a Režie Petr Kracík
|
| 511 |
1 |
|
|a Zdeněk Junák, Alena Antalová, Jitka Čvančarová, Jan Apolenář ; Orchestr Městského divadla Brno, Karel Cón, dirigent ; a další
|
| 518 |
|
|
|a Nahráno ve G - Studiu Brno r. 2005
|
| 648 |
|
7 |
|a 21. století
|7 ch460559
|2 czenas
|
| 650 |
0 |
7 |
|a muzikály
|7 ph123058
|z Česko
|y 21. stol.
|2 czenas
|
| 655 |
|
7 |
|a kompaktní desky
|7 fd201991
|2 czenas
|
| 700 |
1 |
|
|a Zola, Émile,
|d 1840-1902
|7 jn19990009450
|4 ant
|
| 700 |
1 |
|
|a Junák, Zdeněk,
|d 1951-
|7 ola200200989
|4 sng
|
| 700 |
1 |
|
|a Antalová, Alena,
|d 1972-
|7 ola2002147002
|4 sng
|
| 700 |
1 |
|
|a Čvančarová, Jitka,
|d 1978-
|7 js20060505023
|4 sng
|
| 700 |
1 |
|
|a Cón, Karel,
|d 1951-2025
|7 xx0018230
|4 cnd
|
| 700 |
1 |
2 |
|a Uhde, Milan,
|d 1936-
|t Nana
|
| 710 |
2 |
|
|a Městské divadlo Brno.
|b Orchestr
|7 kn20100812002
|
| 910 |
2 |
|
|a BOA001
|b CDR-1250.015
|
| 990 |
|
|
|a AV
|
| 991 |
|
|
|b 201010
|
| 996 |
6 |
|
|b 2610449086
|c CDR-1250.015
|l MZK
|r Sklad / do 24 hodin
|n 0
|p p.v.
|w 001148223
|u 000010
|a 1
|e BOA001
|j MZK50
|s P
|